Modernism & abstraction : (Record no. 608325)

000 -LEADER
fixed length control field 01588cam a22003734a 4500
001 - CONTROL NUMBER
control field 12262184
003 - CONTROL NUMBER IDENTIFIER
control field OSt
005 - DATE AND TIME OF LATEST TRANSACTION
control field 20240227113805.0
008 - FIXED-LENGTH DATA ELEMENTS--GENERAL INFORMATION
fixed length control field 001219s2001 nyua c 001 0 eng
010 ## - LIBRARY OF CONGRESS CONTROL NUMBER
LC control number 00013058
020 ## - INTERNATIONAL STANDARD BOOK NUMBER
International Standard Book Number 0823031233
020 ## - INTERNATIONAL STANDARD BOOK NUMBER
International Standard Book Number 9780823031238
040 ## - CATALOGING SOURCE
Original cataloging agency DLC
Transcribing agency DLC
Modifying agency DLC
042 ## - AUTHENTICATION CODE
Authentication code pcc
043 ## - GEOGRAPHIC AREA CODE
Geographic area code n-us-dc
050 00 - LIBRARY OF CONGRESS CALL NUMBER
Classification number N6512.5.M63
Item number M39 2001
082 00 - DEWEY DECIMAL CLASSIFICATION NUMBER
Classification number 709.73074753
Edition number 21
Author Mark MCC 2001
100 1# - MAIN ENTRY--PERSONAL NAME
Personal name McClintic, Miranda.
9 (RLIN) 121453
245 10 - TITLE STATEMENT
Title Modernism & abstraction :
Remainder of title treasures from the Smithsonian American Art Museum /
Statement of responsibility, etc. Miranda McClintic.
246 3# - VARYING FORM OF TITLE
Title proper/short title Modernism and abstraction
260 ## - PUBLICATION, DISTRIBUTION, ETC.
Place of publication, distribution, etc. New York, NY :
Name of publisher, distributor, etc. Watson-Guptill Publications ;
Place of publication, distribution, etc. [Washington, D.C.] :
Name of publisher, distributor, etc. Smithsonian American Art Museum,
Date of publication, distribution, etc. c2001.
300 ## - PHYSICAL DESCRIPTION
Extent 108 p. :
Other physical details col. ill. ;
Dimensions 24 cm.
500 ## - GENERAL NOTE
General note Includes index.
610 20 - SUBJECT ADDED ENTRY--CORPORATE NAME
Corporate name or jurisdiction name as entry element Smithsonian American Art Museum
Form subdivision Exhibitions.
9 (RLIN) 121454
650 #0 - SUBJECT ADDED ENTRY--TOPICAL TERM
Topical term or geographic name entry element Modernism (Art)
Geographic subdivision United States
Form subdivision Exhibitions.
9 (RLIN) 121455
650 #0 - SUBJECT ADDED ENTRY--TOPICAL TERM
Topical term or geographic name entry element Art, Abstract
Geographic subdivision United States
Form subdivision Exhibitions.
9 (RLIN) 121456
650 #0 - SUBJECT ADDED ENTRY--TOPICAL TERM
Topical term or geographic name entry element Art, American
Chronological subdivision 20th century
Form subdivision Exhibitions.
9 (RLIN) 121457
650 #0 - SUBJECT ADDED ENTRY--TOPICAL TERM
Topical term or geographic name entry element Art
Geographic subdivision Washington (D.C.)
Form subdivision Exhibitions.
9 (RLIN) 121458
710 2# - ADDED ENTRY--CORPORATE NAME
Corporate name or jurisdiction name as entry element Smithsonian American Art Museum.
9 (RLIN) 121459
906 ## - LOCAL DATA ELEMENT F, LDF (RLIN)
a 7
b cbc
c orignew
d 1
e ecip
f 20
g y-gencatlg
942 ## - ADDED ENTRY ELEMENTS (KOHA)
Source of classification or shelving scheme
Koha item type Book
Institution code [OBSOLETE] SADA
Call number prefix 709.73074753 MCC 2001
Holdings
Withdrawn status Lost status Source of classification or shelving scheme Damaged status Not for loan Permanent Location Current Location Date acquired Source of acquisition Total Checkouts Full call number Barcode Date last seen Price effective from Koha item type
          School of Art Design and Architecture (SADA) School of Art Design and Architecture (SADA) 05/09/2019 Donation   709.73074753 MCC 2001 SADAD0000409 02/27/2024 02/27/2024 Book
© 2023 Central Library, National University of Sciences and Technology. All Rights Reserved.